[Event "World Amateur-ch U1700"]
[Site "Chalkidiki"]
[Date "2016.04.25"]
[Round "7"]
[White "Thomre, Abhishek"]
[Black "Gaspar, Ioan Dan"]
[Result "1/2-1/2"]
[WhiteElo "1546"]
[BlackElo "1698"]
[PlyCount "88"]
[EventDate "2016.04.19"]
[EventType "swiss"]
[EventRounds "9"]
[EventCountry "GRE"]
[SourceTitle "CBM 172 Extra"]
[Source "ChessBase"]
[SourceDate "2016.06.21"]
[SourceVersion "1"]
[SourceVersionDate "2016.06.21"]
[SourceQuality "1"]

1. d4 g6 2. e3 Bg7 3. Nf3 d6 4. b3 Nd7 5. Bb2 Nh6 6. Nbd2 0-0 7. Be2 e5 8. dxe5 dxe5 9. 0-0 f5 10. e4 f4 11. Nc4 Nf7 12. Qd5 c6 13. Qd2 g5 14. Nd6 Nxd6 15. Qxd6 Qf6 16. Bc4+ Kh8 17. Rfd1 g4 18. Qxf6 Bxf6 19. Ne1 Nb6 20. Bf1 Be6 21. Rd6 Rae8 22. Rad1 Nc8 23. R6d2 Ne7 24. Nd3 Ng6 25. Nc5 f3 26. Nxe6 Rxe6 27. g3 Rfe8 28. Bc4 R6e7 29. Rd6 Bg5 30. Rd7 Rxd7 31. Rxd7 Re7 32. Rxe7 Bxe7 33. Bf7 Bd6 34. Be6 h5 35. Bc8 b6 36. Bd7 c5 37. h3 gxh3 38. Bxh3 Kg7 39. c4 Ne7 40. Bd7 Ng8 41. a3 Nf6 42. Bf5 Ng4 43. Kf1 Kf6 44. Bxg4 hxg4 1/2-1/2

[Event "Gibraltar Challengers-B 14th"]
[Site "Caleta"]
[Date "2016.02.02"]
[Round "4"]
[White "Gaspar, Ioan Dan"]
[Black "Kozarcanin, Sead"]
[Result "0-1"]
[WhiteElo "1486"]
[BlackElo "2073"]
[PlyCount "66"]
[EventDate "2016.01.30"]
[EventType "swiss"]
[EventRounds "5"]
[EventCountry "GGB"]
[SourceTitle "CBM 170 Extra"]
[Source "ChessBase"]
[SourceDate "2016.02.25"]
[SourceVersion "1"]
[SourceVersionDate "2016.02.25"]
[SourceQuality "1"]

1. e4 e5 2. Nf3 Nc6 3. Bb5 Nge7 4. 0-0 a6 5. Ba4 g6 6. c3 d6 7. d4 Bd7 8. Bg5 Bg7 9. d5 Nb8 10. Bc2 h6 11. Bd2 0-0 12. c4 f5 13. Nc3 fxe4 14. Bxe4 Bf5 15. b4 Nd7 16. Ne1 Nf6 17. f3 c6 18. Be3 cxd5 19. cxd5 Rc8 20. Rc1 b5 21. Qd2 Kh7 22. a3 Rc4 23. Qd3 Qa8 24. g4 Nxe4 25. fxe4 Bxg4 26. Ng2 Rxf1+ 27. Rxf1 Qc8 28. Bd2 Rc7 29. Ne3 Bd7 30. Rf2 Ng8 31. Qf1 Rxc3 32. Bxc3 Qxc3 33. Ng2 Qd4 0-1